00301nam a22000977a 4500008004100000082002000041245007700061260003800138300001400176440001300190230627b xxu||||| |||| 00| 0 eng d a338.5bIMF 2005 aWorld Economic Outlook April 2005bGlobalization and External Imbalances bInternational Monetary Fundc2005 aXIII,289p x02587440